000 00492nam a2200193 a 4500
001 1761987488696
003 YourLibrary
005 20251101143017.0
008 251101s2008##################000#0#eng##
020 _a9780571215393
082 0 4 _a612.6
_bMAN
100 1 _aManning, John T.,
_eauthor.
245 1 0 _aThe Finger Book :
260 _bGardners Books,
_c2008.
300 _a170 pages
650 0 _aHealth & Fitness.
942 _cENGLISH
040 _aYourLibrary
_beng
_cYourLibrary
999 _c595045
_d595045